000
00308nam a22001217a 4500
999
_c
9369
_d
9369
003
OSt
008
201203b ||||| |||| 00| 0 eng d
245
_a
Highway Research Record
250
_a
2012 - 13(No.40)
260
_a
New Delhi
_b
IRC Highway Research Board
650
_a
Civil Engineering
942
_2
ddc
_c
BV